Problém tzv. "ázijského výrobného spôsobu" v Marxovej a Engelsovej koncepcii historického procesu a "aziatský marxizmus"

K.Marx a F.Engels použili pri riešení problému periodizácie svetových dejín aj pojem „ázijský spôsob výroby“. Okolo použitia tohto pojmu na začiatku 20.storočia vypukol spor medzi Leninom a Plechanovom. Neskôr bolo používanie tohto termínu za Stalina zakázané. Existuje problém tzv.ázijského marxizmu...

Ausführliche Beschreibung

Gespeichert in:
Bibliographische Detailangaben
1. Verfasser: Greguš, Peter
Format: Buchkapitel
Sprache:Slowakisch
Schlagworte:
Tags: Tag hinzufügen
Keine Tags, Fügen Sie das erste Tag hinzu!

MARC

LEADER 00000nla$a2200000$$$4500
001 0117251
005 20240502072317.9
041 0 |a slo 
044 |a SK 
245 1 0 |a Problém tzv. "ázijského výrobného spôsobu" v Marxovej a Engelsovej koncepcii historického procesu a "aziatský marxizmus"  |c Peter Greguš 
520 |a K.Marx a F.Engels použili pri riešení problému periodizácie svetových dejín aj pojem „ázijský spôsob výroby“. Okolo použitia tohto pojmu na začiatku 20.storočia vypukol spor medzi Leninom a Plechanovom. Neskôr bolo používanie tohto termínu za Stalina zakázané. Existuje problém tzv.ázijského marxizmu, ku ktorému by patril stalinizmus, maoizmus a severokórejská ideológia čučche. 
610 2 0 |a ekonómia politická kapitalizmu 
610 2 0 |a ekonómia politická marxistická 
610 2 0 |a ideológia 
610 2 0 |a výroba 
610 2 0 |a história 
610 2 0 |a vývoj 
610 2 0 |a civilizácia 
100 1 |a Greguš, Peter